00398nam a2200145Ia 4500008004100000020001500041041001200056100001700068245007800085250000800163260003900171300000900210650001600219700001700235221030s9999 xx 000 0 und d a8131725221 aEnglish aP. J. Deitel 0aInternet & World Wide Web - How To Programcby P. J. Deitel, H. M. Deitel a4th bPearson EdcuationaNew Delhic2009 a1329 aBB Computer aH. M. Deitel